Metodología para evaluar el impacto de la capacitación de la escuela superior de la industria básica
Popone una metodología para evaluar el impacto de la capacitación de la escuela superior de la industria básica.
Uloženo v:
| Hlavní autor: | |
|---|---|
| Korporativní autor: | |
| Další autoři: | , |
| Médium: | E-kniha |
| Jazyk: | španělština |
| Vydáno: |
La Habana :
Instituto Superior Politécnico José Antonio Echeverría. CUJAE,
2010.
|
| Témata: | |
| On-line přístup: | https://elibro.unach.elogim.com/es/lc/unach/titulos/85800 |
| Tagy: |
Přidat tag
Žádné tagy, Buďte první, kdo vytvoří štítek k tomuto záznamu!
|
MARC
| LEADER | 00000nam a2200000 a 4500 | ||
|---|---|---|---|
| 001 | ELB85800 | ||
| 003 | FlNmELB | ||
| 006 | m o d | | ||
| 007 | cr cn||||||||| | ||
| 008 | 201201r2010 cu |||||s|||||||||||spa d | ||
| 024 | 8 | |z 71208042710 | |
| 035 | |a (MiAaPQ)EBC3202376 | ||
| 035 | |a (Au-PeEL)EBL3202376 | ||
| 035 | |a (CaPaEBR)ebr10609352 | ||
| 035 | |a (OCoLC)929378814 | ||
| 040 | |a FlNmELB |b spa |c FlNmELB | ||
| 050 | 4 | |a T1 |b F175 2010 | |
| 080 | |a 62 | ||
| 082 | 0 | 4 | |a 600 |2 22 |
| 100 | 1 | |a Fajardo Pérez, Luis Alberto. | |
| 245 | 1 | 0 | |a Metodología para evaluar el impacto de la capacitación de la escuela superior de la industria básica |h [recurso electronico] |c Luis Alberto Fajardo Pérez. |
| 260 | |a La Habana : |b Instituto Superior Politécnico José Antonio Echeverría. CUJAE, |c 2010. | ||
| 300 | |a 112 p. | ||
| 500 | |a Tesis (maestría) - Instituto Superior Politécnico José Antonio Echeverría CUJAE. | ||
| 520 | |a Popone una metodología para evaluar el impacto de la capacitación de la escuela superior de la industria básica. | ||
| 533 | |a Recurso electrónico. Santa Fe, Arg.: e-libro, 2015. Disponible vía World Wide Web. El acceso puede estar limitado para las bibliotecas afiliadas a e-libro. | ||
| 650 | 4 | |a Technology. |x General. | |
| 650 | 4 | |a Tecnología. |x General. | |
| 655 | 4 | |a Libros electrónicos. | |
| 700 | 1 | |a Molina Alvarez , Ana Teresa. |4 drt | |
| 700 | 1 | |a Hernández Calderín, Ernesto E.. |4 drt | |
| 710 | 2 | |a e-libro, Corp. | |
| 856 | 4 | 0 | |u https://elibro.unach.elogim.com/es/lc/unach/titulos/85800 |